01583nam a2200265Ia 4500001000600000003000900006008004100015040001300056040001300069041001300082100002000095100002900115240003600144240003500180245005800215245005800273250001100331260000900342260001200351260004900363300005700412500079300469650002401262650003101286G8796IT-RoPAU130308s9999 xx 000 0 und d aIT-RoPAU cIT-RoPAU aITALIANO aGiddens Anthony gCodice Aut. SPICS: 33304 aTHIRD WAY AND ITS CRITICS (THE) gCodice Tit. Orig. Spics: T3286 aCogliere l'occasione. Le sfide di un mondo che cambia bCogliere L'Occasione. Le sfide di un Mondo che Cambia a1a ed. aROMA bCarocci c2000 [1° Ed.:2000 - Ed.Ling.Originale:2000] a"178 p. (prefazione: no ; testo: 178 [pagine: 0-0])" aTerza via e Suoi Critici: reazioni Critiche, Critici Anglosassoni, reazioni Sul Continente. socialdemocrazia e la Terza Via: la sinistra e Il Mercato, Avversari e Nemici, Terza via e Conservatorismo Morale, Politica della Terza Via. Governo, Stato e Strategia Economica: Comunitarismo e Governo, globalizzazione Economica, Economia della Conoscenza, Questione della Flessibilità, capitale Sociale. Questione della Diseguaglianza: Diseguaglianze a Confronto, Tassazione e Ridistribuzione, Diseguaglianze e Il welfare State, poveri a lungo Termine, Esclusione Sociale al Vertice. globalizzazione presa Sul Serio: Governo Mondiale dell'Economia, gestione Ecologica Globale, globalizzazione e regolamentazione del Potere delle Corporations, Democrazia Globale. Bibliografia Sulla Terza Via. aSAGGI DI SOCIOLOGIA eCodice materia Spics: 3657